| 000 | 00481nam a2200169Ia 4500 | ||
|---|---|---|---|
| 003 | OSt | ||
| 005 | 20200709143256.0 | ||
| 008 | 190216s9999||||xx |||||||||||||| ||und|| | ||
| 040 | _coclc | ||
| 082 |
_a297 _bTHA/M |
||
| 100 |
_aTharuvana, O M _91969 |
||
| 245 | 0 |
_aMayyith Samskaranam / _cO M Tharuvana |
|
| 260 |
_bPoomkavanam Books Publishers, _c1991. _aCalicut: |
||
| 300 | _a65p | ||
| 650 | _aIslamic Culture | ||
| 942 |
_cBK _2ddc _h297 _iTHA/M _k297 _mTHA/M |
||
| 999 |
_c22385 _d22385 |
||